The Main Greek Gods - Statistics

General Stats
  • This quiz has been taken 559 times
  • The average score is 13 of 15
Answer Stats
Hint Answer % Correct
God of the Sky, Lightning, Thunder, Law, Order, Justice Zeus
99%
God of the Dead and Riches Hades
97%
God of the Sea, Earthquakes, Storms, and Horses Poseidon
96%
God of War Ares
95%
Goddess of Wisdom, Warfare, Divine Intelligence, Architecture, and Crafts Athena
95%
Goddess of Marriage, Women and Birth Hera
95%
Goddess of Love, Beauty and Sexuality Aphrodite
94%
God of Music, Poetry, Plague, Oracles, the Sun, Light and Knowledge Apollo
92%
Goddess of the Hunt, Forests and Hills, the Moon Artemis
90%
God of Wine, Merry Making, Theatre and Ecstasy Dionysus
87%
God of Travelers, Herdsmen, Thieves, Orators and Wit, Literature and Poets, Athletics and Sports, Invention and Trade Hermes
87%
Godess of Harvest Demeter
83%
God of Fire, Metalworking, Stone Masonry, and the Art of Sculpture. Hephaestus
80%
Goddess of the Hearth Hestia
78%
Godess of Springtime Persephone
77%
No matching quizzes found
Score Distribution
Percent of People with Each Score
Percentile by Number Answered
Your Score History
You have not taken this quiz